Top 5 w każdym konkursie Pucharu Świata 2024/2025 - Statystyki

Ogólne statystyki
  • Ten quiz został rozwiązany 361 razy
  • Średni wynik to 107 z 145
Statystyki odpowiedzi
Data Miejsce Pozycja Skoczek % Poprawnych
23.11 Lillehammer 4. Stefan Kraft
95%
24.11 Lillehammer 4. Stefan Kraft
95%
30.11 Ruka 3. Stefan Kraft
95%
01.12 Ruka 2. Stefan Kraft
95%
08.12 Wisła 3. Stefan Kraft
95%
22.12 Engelberg 3. Stefan Kraft
95%
29.12 Oberstdorf 1. Stefan Kraft
95%
04.01 Innsbruck 1. Stefan Kraft
95%
06.01 Bischofshofen 3. Stefan Kraft
95%
02.02 Willingen 4. Stefan Kraft
95%
16.02 Sapporo 5. Stefan Kraft
95%
16.03 Vikersund 4. Stefan Kraft
95%
22.03 Lahti 2. Stefan Kraft
95%
28.03 Planica 5. Stefan Kraft
95%
13.03 Oslo 5. Philipp Raimund | Domen Prevc
93%
25.01 Oberstdorf 3. Domen Prevc
92%
26.01 Oberstdorf 1. Domen Prevc
92%
15.02 Sapporo 3. Domen Prevc
92%
15.03 Vikersund 5. Domen Prevc
92%
16.03 Vikersund 1. Domen Prevc
92%
28.03 Planica 1. Domen Prevc
92%
30.03 Planica 2. Domen Prevc
92%
04.01 Innsbruck 5. Paweł Wąsek
86%
19.01 Zakopane 5. Paweł Wąsek
86%
26.01 Oberstdorf 4. Paweł Wąsek
86%
22.03 Lahti 3. Paweł Wąsek
86%
25.01 Oberstdorf 5. Ryōyū Kobayashi
86%
09.02 Lake Placid 5. Ryōyū Kobayashi
86%
15.02 Sapporo 1. Ryōyū Kobayashi
86%
16.02 Sapporo 1. Ryōyū Kobayashi
86%
13.03 Oslo 1. Ryōyū Kobayashi
86%
15.03 Vikersund 4. Ryōyū Kobayashi
86%
16.03 Vikersund 3. Ryōyū Kobayashi
86%
28.03 Planica 3. Ryōyū Kobayashi
86%
30.03 Planica 5. Ryōyū Kobayashi
86%
30.11 Ruka 5. Andreas Wellinger
80%
01.12 Ruka 1. Andreas Wellinger
80%
14.12 Titisee-Neustadt 4. Andreas Wellinger
80%
21.12 Engelberg 4. Andreas Wellinger
80%
15.03 Vikersund 1. Andreas Wellinger
80%
16.03 Vikersund 2. Andreas Wellinger
80%
30.03 Planica 3. Andreas Wellinger
80%
23.11 Lillehammer 1. Pius Paschke
79%
24.11 Lillehammer 2. Pius Paschke
79%
30.11 Ruka 1. Pius Paschke
79%
07.12 Wisła 3. Pius Paschke
79%
08.12 Wisła 1. Pius Paschke
79%
14.12 Titisee-Neustadt 1. Pius Paschke
79%
15.12 Titisee-Neustadt 1. Pius Paschke
79%
29.12 Oberstdorf 4. Pius Paschke
79%
23.11 Lillehammer 5. Jan Hörl
78%
24.11 Lillehammer 1. Jan Hörl
78%
30.11 Ruka 2. Jan Hörl
78%
07.12 Wisła 4. Jan Hörl
78%
08.12 Wisła 2. Jan Hörl
78%
15.12 Titisee-Neustadt 5. Jan Hörl
78%
21.12 Engelberg 1. Jan Hörl
78%
22.12 Engelberg 2. Jan Hörl
78%
29.12 Oberstdorf 2. Jan Hörl
78%
01.01 Garmisch-Partenkirchen 5. Jan Hörl
78%
04.01 Innsbruck 2. Jan Hörl
78%
06.01 Bischofshofen 2. Jan Hörl
78%
19.01 Zakopane 3. Jan Hörl
78%
26.01 Oberstdorf 5. Jan Hörl
78%
02.02 Willingen 3. Jan Hörl
78%
08.02 Lake Placid 2. Jan Hörl
78%
09.02 Lake Placid 2. Jan Hörl
78%
15.02 Sapporo 2. Jan Hörl
78%
13.03 Oslo 2. Jan Hörl
78%
23.11 Lillehammer 2. Daniel Tschofenig
76%
24.11 Lillehammer 3. Daniel Tschofenig
76%
01.12 Ruka 4. Daniel Tschofenig
76%
07.12 Wisła 1. Daniel Tschofenig
76%
08.12 Wisła 4. Daniel Tschofenig
76%
14.12 Titisee-Neustadt 3. Daniel Tschofenig
76%
21.12 Engelberg 2. Daniel Tschofenig
76%
22.12 Engelberg 1. Daniel Tschofenig
76%
29.12 Oberstdorf 3. Daniel Tschofenig
76%
01.01 Garmisch-Partenkirchen 1. Daniel Tschofenig
76%
04.01 Innsbruck 3. Daniel Tschofenig
76%
06.01 Bischofshofen 1. Daniel Tschofenig
76%
19.01 Zakopane 1. Daniel Tschofenig
76%
25.01 Oberstdorf 4. Daniel Tschofenig
76%
01.02 Willingen 1. Daniel Tschofenig
76%
02.02 Willingen 1. Daniel Tschofenig
76%
08.02 Lake Placid 3. Daniel Tschofenig
76%
09.02 Lake Placid 1. Daniel Tschofenig
76%
15.02 Sapporo 4. Daniel Tschofenig
76%
16.02 Sapporo 4. Daniel Tschofenig
76%
28.03 Planica 4. Daniel Tschofenig
76%
30.03 Planica 4. Daniel Tschofenig
76%
15.12 Titisee-Neustadt 4. Anže Lanišek
74%
01.01 Garmisch-Partenkirchen 4. Anže Lanišek
74%
19.01 Zakopane 4. Anže Lanišek
74%
01.02 Willingen 2. Anže Lanišek
74%
09.02 Lake Placid 3. Anže Lanišek
74%
13.03 Oslo 4. Anže Lanišek
74%
15.03 Vikersund 3. Anže Lanišek
74%
16.03 Vikersund 5. Anže Lanišek
74%
22.03 Lahti 1. Anže Lanišek
74%
28.03 Planica 2. Anže Lanišek
74%
30.03 Planica 1. Anže Lanišek
74%
22.12 Engelberg 4. Johann André Forfang
70%
29.12 Oberstdorf 5. Johann André Forfang
70%
06.01 Bischofshofen 4. Johann André Forfang
70%
19.01 Zakopane 2. Johann André Forfang
70%
25.01 Oberstdorf 2. Johann André Forfang
70%
26.01 Oberstdorf 2. Johann André Forfang
70%
01.02 Willingen 4. Johann André Forfang
70%
02.02 Willingen 2. Johann André Forfang
70%
08.02 Lake Placid 1. Johann André Forfang
70%
09.02 Lake Placid 4. Johann André Forfang
70%
16.02 Sapporo 3. Johann André Forfang
70%
08.02 Lake Placid 4. Marius Lindvik
69%
15.02 Sapporo 5. Marius Lindvik
69%
16.02 Sapporo 2. Marius Lindvik
69%
01.12 Ruka 3. Karl Geiger
64%
21.12 Engelberg 5. Karl Geiger
64%
13.03 Oslo 3. Karl Geiger
64%
08.12 Wisła 5. Timi Zajc
62%
14.12 Titisee-Neustadt 5. Timi Zajc
62%
25.01 Oberstdorf 1. Timi Zajc
62%
15.03 Vikersund 2. Timi Zajc
62%
24.11 Lillehammer 5. Gregor Deschwanden
57%
07.12 Wisła 2. Gregor Deschwanden
57%
14.12 Titisee-Neustadt 2. Gregor Deschwanden
57%
21.12 Engelberg 3. Gregor Deschwanden
57%
22.12 Engelberg 5. Gregor Deschwanden
57%
01.01 Garmisch-Partenkirchen 2. Gregor Deschwanden
57%
04.01 Innsbruck 4. Gregor Deschwanden
57%
08.02 Lake Placid 5. Gregor Deschwanden
57%
23.11 Lillehammer 3. Maximilian Ortner
46%
06.01 Bischofshofen 5. Maximilian Ortner
46%
01.02 Willingen 3. Maximilian Ortner
46%
02.02 Willingen 5. Maximilian Ortner
46%
22.03 Lahti 5. Maximilian Ortner
46%
22.03 Lahti 4. Manuel Fettner
42%
30.11 Ruka 4. Kristoffer Eriksen Sundal
40%
07.12 Wisła 5. Kristoffer Eriksen Sundal
40%
15.12 Titisee-Neustadt 3. Kristoffer Eriksen Sundal
40%
15.12 Titisee-Neustadt 2. Michael Hayböck
39%
01.01 Garmisch-Partenkirchen 3. Michael Hayböck
39%
26.01 Oberstdorf 3. Michael Hayböck
39%
01.12 Ruka 5. Artti Aigro
20%
01.02 Willingen 5. Benjamin Østvold
5%
Nie znaleziono quizów pasujących do podanych kryteriów
Rozkład punktacji
Procent ludzi z każdym wynikiem
Percentyl według liczby udzielonych odpowiedzi
Twoja historia wyników
Nie rozwiązałeś tego quizu